书目信息 |
| 题名: |
大气腐蚀
|
|
| 作者: | 莱格拉夫, , 格雷德尔, 著 ;韩恩厚 译 | |
| 分册: | ||
| 出版信息: | 北京 化学工业出版社 2005.05 |
|
| 页数: | 272页 | |
| 开本: | 24cm | |
| 丛书名: | ||
| 单 册: | ||
| 中图分类: | X51 | |
| 科图分类: | ||
| 主题词: | 大气--da qi | |
| 电子资源: | ||
| ISBN: | 7-5025-6832-8 | |
| 000 | 00929nam0 2200253 450 | |
| 001 | 012006613166 | |
| 005 | 20060313140611.33 | |
| 010 | @a7-5025-6832-8@dCNY39.00 | |
| 100 | @a20060313d2005 km y0chiy0120 ea | |
| 101 | 1 | @achi@aeng@ceng |
| 102 | @aCN@b110000 | |
| 105 | @aa a 000yy | |
| 200 | 1 | @a大气腐蚀@Ada qi fu shi@f(瑞典) C.莱格拉夫, (美) T.格雷德尔著@F(rui dian)C.lai ge la fu,(mei)T.ge lei de er zhu@g韩恩厚等译@Ghan en hou deng yi |
| 210 | @a北京@c化学工业出版社@d2005.05 | |
| 215 | @a272页@c图@d24cm | |
| 320 | @a有书目。 | |
| 330 | @a本书包括大气腐蚀概论、大气腐蚀的过程、大气腐蚀化学的多层区域理解、大气中的气体及其在腐蚀中的作用等内容。 | |
| 606 | 0 | @a大气@Ada qi |
| 690 | @aX51@v4 | |
| 701 | 1 | @a莱格拉夫,@Alai ge la fu,@bC.@g(Leygryf, C.)@4著 |
| 701 | 1 | @a格雷德尔,@Age lei de er,@bT.@gGraedel, T.)@4著 |
| 702 | 0 | @a韩恩厚@Ahan en hou@4译 |
| 801 | 0 | @aCN@bQSSK@c20060313 |
| 905 | @a10447@dX51@eL026 | |
| 大气腐蚀/(瑞典) C.莱格拉夫, (美) T.格雷德尔著/韩恩厚等译.-北京:化学工业出版社,2005.05 |
| 272页:图;24cm |
| ISBN 7-5025-6832-8:CNY39.00 |
| 本书包括大气腐蚀概论、大气腐蚀的过程、大气腐蚀化学的多层区域理解、大气中的气体及其在腐蚀中的作用等内容。 |
| ● |
| 相关链接 |
|
|
|
正题名:大气腐蚀
索取号:X51/L026
 
预约/预借
| 序号 | 登录号 | 条形码 | 馆藏地/架位号 | 状态 | 备注 |
| 1 | 556008 | 205560089 | 自科库501/501自科库 68排6列2层/ [索取号:X51/L026] | 在馆 | |
| 2 | 556009 | 205560098 | 自科库501/501自科库 68排6列2层/ [索取号:X51/L026] | 在馆 |